Language Quiz

Random Language or Letter Quiz

Letters of the Hebrew Alphabet Quiz Stats

 Plays Quiz not verified by Sporcle

Challenge
Share
Tweet
Embed
Score 0/44 Timer 04:00
0 Plays Today
Type of Letter Letter % Correct
Consonantbet
92.7%
Consonantalef
90.7%
Consonantgimel
90.7%
Consonantdalet
82.1%
Consonantvav
81.7%
Consonanthay
79.7%
Consonantvet
78.5%
Consonanttet
76%
Consonantzayin
74%
Consonantnun
74%
Consonantmem
73.2%
Consonantlamed
72.8%
Consonantkhet
72.4%
Consonantyud
71.1%
Consonantcaf
68.7%
Consonantpay
64.6%
Consonantshin
62.6%
Consonantkhaf
58.9%
Consonantayin
57.3%
Consonantresh
56.9%
Consonantfay
55.7%
Consonanttav
55.7%
Type of Letter Letter % Correct
Consonantsin
54.5%
Consonantsamech
50.8%
Consonantkuf
44.3%
Vowelpatakh
24.8%
Consonanttzadee
22.8%
Vowels'gol
21.5%
Vowelkamatz
21.1%
Vowelsh'va
21.1%
Consonantnun sophit
19.1%
Consonantmem sophit
18.7%
Voweltzere
18.3%
Vowelkhirik
18.3%
Consonantkhaf sophit
17.9%
Consonantfay sophit
17.9%
Vowelkubutz
17.1%
Vowelkholam
14.6%
Consonanttzadee sophit
13.8%
Vowelkhataf kamatz
13.8%
Vowelkhataf patakh
13.8%
Vowelkhataf s'gol
13.8%
Vowelshuruk
13%
Consonanttav/sav
9.3%

You're not logged in!

Compare scores with friends on all Sporcle quizzes.
Join for Free
OR
Log In

You Might Also Like...

Show Comments

Extras

Top Quizzes Today


Score Distribution

Your Account Isn't Verified!

In order to create a playlist on Sporcle, you need to verify the email address you used during registration. Go to your Sporcle Settings to finish the process.

Report this User

Report this user for behavior that violates our Community Guidelines.

Details: